000 00716nam a2200217 4500
003 OSt
005 20221111184237.0
008 221111b |||||||| |||| 00| 0 eng d
040 _cBiblioteca Lado V
082 _a750
_bF954u
100 _9404
_aFuentes Guaza, Luisa
_eautora
245 _aUstedes Nosotros/
300 _a255p.
_c17x23cm
650 _2Tesauro de Arte & Arquitectura
_aCOLECCION
650 _2Tesauro de Arte & Arquitectura
_aARTE
650 _2Tesauro de Arte & Arquitectura
_aFOTOGRAFIA
650 _2Tesauro de Arte & Arquitectura
_aARQUITECTURA
650 _2Tesauro de Arte & Arquitectura
_aDISEÑO
700 _aWinder, Jill
_eeditor
942 _2ddc
_c1
_h750
_iF954u
_n0
999 _c2612
_d2612